| 000 | 00643nas a2200241 4500 | ||
|---|---|---|---|
| 001 | BR9700889 | ||
| 003 | BR-BrBNA | ||
| 005 | 20231205100034.0 | ||
| 007 | ta | ||
| 008 | 230509b bl.|||p| |||| 00| 00por d | ||
| 040 |
_aBR-BrBNA _bpor _cBiblioteca Nacional de Agricultura |
||
| 041 | _a(Pt) | ||
| 072 | _aL74 | ||
| 100 | 1 | _aCarneiro, N.C.B. | |
| 245 | 1 | _aSindrome do estresse suino | |
| 650 | _aSUÍNO | ||
| 650 | _aSindrome | ||
| 650 | _aStress | ||
| 650 | _aDisturbio Fisiologico | ||
| 773 | 0 |
_tRevista Batavo (Brazil) _x _g(Sep 1996), v. 4(59) p. 21 _wBR9700889 |
|
| 909 |
_a202311 _bLúcia _c55 _dLúcia Elande |
||
| 942 |
_2AGRIS _n0 _cANA |
||
| 999 |
_c154056 _d154056 |
||